Professional services : (Record no. 714)
[ view plain ]
| 000 -LEADER | |
|---|---|
| fixed length control field | 02146cam a22002054a 4500 |
| 020 ## - INTERNATIONAL STANDARD BOOK NUMBER | |
| ISBN | 0072559209 (alk. paper) |
| 022 ## - INTERNATIONAL STANDARD SERIAL NUMBER | |
| ISSN | 9780072559200 |
| 050 00 - CALL NUMBER | |
| Classification number | HD8038.A1 |
| Item number | D45 |
| 100 1# - AUTHOR | |
| Personal name | DeLong, Thomas. |
| 245 10 - TITLE | |
| Title | Professional services : |
| Remainder of title | text and cases / |
| Statement of responsibility, etc | Thomas DeLong, Ashish Nanda. |
| 260 ## - PUBLICATION INFORMATION | |
| Place of publication | Boston, Mass. : |
| Name of publisher | McGraw-Hill/Irwin, |
| Year of publication | c2003. |
| 300 ## - DESCRIPTION | |
| Number of Pages | xxxii, 538 p. : |
| Other physical details | ill. ; |
| Dimensions | 24 cm. |
| 500 ## - NOTES | |
| General note | Includes index |
| 505 ## - FORMATTED CONTENTS NOTE | |
| Table of Content | Hambrecht & Quist / Thomas J. DeLong --<br/>AGENCY.COM (A): Launching an Interactive Service Agency / Ashish Nanda, Thomas J. DeLong --<br/>History of Investment Banking / Ashish Nanda, Thomas J. DeLong --<br/>The Rise and Decline of e-Consulting / Ashish Nanda --<br/>Thomas Weisel Partners (A) / Thomas J. DeLong, Ashish Nanda --<br/>Woodland Partners: Field of Dreams? / Ashish Nanda, Thomas J. DeLong --<br/>Shouldice Hospital Limited / James L. Heskett --<br/>Morgan Stanley Dean Witter Private Client Services / Thomas J. DeLong --<br/>Diamond in the Rough (A) / Thomas J. DeLong --<br/>The Goldman Sachs IPO (A) / Ashish Nanda, Malcolm S. Salter --<br/>Family Feud (A): Andersen versus Andersen / Ashish Nanda --<br/>The Saga of Prince Jefri and KPMG (A): Mystery of the Missing Billions / Ashish Nanda --<br/>International Profit Associates / Ashish Nanda, Thomas J. DeLong --<br/>Rob Parson at Morgan Stanley (A) / M. Diane Burton --<br/>Strategic Services at Andersen Consulting / Thomas J. DeLong --<br/>Bain & Company, Inc.: Making Partner / Ashish Nanda --<br/>Venture Law Group / Ashish Nanda, Thomas J. DeLong --<br/>& Samhoud Service Management / Thomas J. DeLong, Ashish Nanda --<br/>The Union Carbide Deal (Abridged) / Thomas J. DeLong --<br/>Jill Greenthal at Donaldson, Lufkin & Jenrette (A): The TCI/AT & T Deal / Ashish Nanda, Thomas J. DeLong --<br/>Cambridge Consulting Group: Bob Anderson / Jay W. Lorsch, John J. Gabarro --<br/>Charlotte Beers at Ogilvy & Mather Worldwide (A) / Herminia Ibarra --<br/>Lehman Brothers (A): Rise of the Equity Research Department / Ashish Nanda. |
| 650 #0 - SUBJECTS | |
| Topical Term | Professions |
| General subdivision | Marketing. |
| 650 #0 - SUBJECTS | |
| Topical Term | Consultants |
| General subdivision | Marketing. |
| 650 #0 - SUBJECTS | |
| Topical Term | Service industries |
| General subdivision | Management. |
| 700 1# - OTHER AUTHORS | |
| Personal name | Nanda, Ashish. |
| 942 ## - ADDED ENTRY ELEMENTS (KOHA) | |
| Koha item type | Books |
| Withdrawn status | Lost status | Home library | Current library | Shelving location | Date acquired | Full call number | Accession Number | Koha item type | Collection code |
|---|---|---|---|---|---|---|---|---|---|
| Methodist University Library Main | Methodist University Library Main | General Stacks | 09/02/2007 | HD8038.A1 D45 | 18308 | Books | |||
| Methodist University Library Main | Methodist University Library Main | General Stacks | 09/02/2007 | HD8038.A1 D45 | 25368 | Books | Reference | ||
| Methodist University Library Main | Methodist University Library Main | General Stacks | 09/02/2007 | HD8038.A1 D45 | 18309 | Books | |||
| Methodist University Library Main | Methodist University Library Main | General Stacks | 09/02/2007 | HD8038.A1 D45 | 18310 | Books | |||
| Methodist University Library Wenchi Faculty | Methodist University Library Wenchi Faculty | 20/10/2021 | HD8038.A1 D45 | 18307 | Books |